Report of the third International Congress of Women, Vienna, July 10-17, 1921 / (Record no. 114751)

MARC details
000 -LEADER
campo de control de longitud fija 00711nam a2200181 i 4500
001 - NÚMERO DE CONTROL
campo de control 114751
003 - IDENTIFICADOR DE NÚMERO DE CONTROL
campo de control ES-MaACL
005 - FECHA Y HORA DE LA ÚLTIMA TRANSACCIÓN
campo de control 20230906190237.0
007 - CAMPO FIJO DE DESCRIPCIÓN FÍSICA--INFORMACIÓN GENERAL
campo de control de longitud fija t|
008 - DATOS DE LONGITUD FIJA--INFORMACIÓN GENERAL
campo de control de longitud fija 070322s1921 sz ||||1| eng d
111 2# - ENTRADA PRINCIPAL--NOMBRE DE CONGRESO/REUNIÓN
Nombre de congreso/reunión o jurisdicción como elemento de entrada International Congress of Women (
Número del congreso/reunión o número de parte o sección 3º.
Fecha del congreso o de la firma del tratado 1921.
Sede del congreso/Lugar de la reunión Viena)
9 (RLIN) 761
245 10 - MENCIÓN DEL TÍTULO
Título Report of the third International Congress of Women, Vienna, July 10-17, 1921 /
Mención de responsabilidad, etc. Women's International League for Peace and Freedom.
260 ## - PUBLICACIÓN, DISTRIBUCIÓN, ETC.
Lugar de publicación, distribución, etc. Geneva :
Nombre del editor, distribuidor, etc. Women's International League for Peace and Freedom,
Fecha de publicación, distribución, etc. 1921.
300 ## - DESCRIPCIÓN FÍSICA
Extensión XII, 324 p. ;
Dimensiones 24 cm.
650 14 - PUNTO DE ACCESO ADICIONAL DE MATERIA--TÉRMINO DE MATERIA
Término de materia o nombre geográfico como elemento de entrada Mujeres-
Subdivisión de forma Congresos y asambleas.
9 (RLIN) 15261
710 1# - ENTRADA AGREGADA--NOMBRE DE ENTIDAD CORPORATIVA
Nombre de entidad corporativa o nombre de jurisdicción como elemento de entrada Women's International League for Peace and Freedom.
9 (RLIN) 7572
852 ## - LOCALIZACIÓN
Ubicación ES-MaACL
Número de control de estantería C-2799
Holdings
Estatus retirado Estado de pérdida Estado de daño No para préstamo Biblioteca de origen Biblioteca actual Ubicación en estantería Fecha de adquisición Fuente de adquisición Total de préstamos Signatura topográfica completa Código de barras Visto por última vez Precio de reemplazo Tipo de ítem Koha
        Biblioteca del Ateneo de Madrid Biblioteca del Ateneo de Madrid Sala Palomar 17/01/2008     C-2799 1119664 23/02/2023 23/02/2023 Libro impreso